书目信息 |
| 书名: | Management | |
| 作者: | Miller-Dess. | |
| 分册号: | ||
| 分册名: | 出版地: | New York : |
|
| 出版社: | McGraw-Hill, Inc | |
| 出版时间: | 1997. | |
| 页数: | 214 p. ; | |
| 开本: | 29cm. | |
| 丛书名: | ||
| 中图分类号: | ||
| 科图分类号: | ||
| 其他分类号: | F273 | |
| 主题词: | ||
| 电子资源: | ||
| 000 | 00442nam 2200157 a 4500 | |
| 001 | E0259239135 | |
| 005 | 2002030716271873 | |
| 008 | 020307s1997 00010 eng | |
| 020 | @a0-07-003926-7 :@cRMB 12.00. | |
| 040 | @aPFT@beng | |
| 090 | @aF273 | |
| 099 | @dF273@eM647 | |
| 245 | @aManagement / @cMiller-Dess. | |
| 260 | @aNew York :@bMcGraw-Hill, Inc.,@c1997. | |
| 300 | @a214 p. ;@c29cm. | |
| 500 | @aIncludes bibliographical references and index. | |
| Management / / Miller-Dess.-New York : : McGraw-Hill, Inc., , 1997. |
| 214 p. ; ; 29cm. |
| Includes bibliographical references and index. |
| ISBN 0-07-003926-7 :RMB 12.00. |
| ● |
| 相关链接 |
|
|
|
正题名:Management
索取号:F273/M647
 
预约/预借
| 序号 | 登录号 | 条形码 | 馆藏地/架位号 | 状态 | 备注 |
| 1 | 03482 | 300034825 | 社科库409/409社科库 91排3列3层/ [索取号:F273/M647] | 在馆 |